Az emberi méltóság joga az alkotmánybíróság gyakorlatában

Elmentve itt :
Bibliográfiai részletek
Szerző: Varga Gábor
További közreműködők: Kiss Barnabás (Témavezető)
Dokumentumtípus: Szakdolgozat
Megjelent: 1999
Tárgyszavak:
Online Access:http://diploma.bibl.u-szeged.hu/25137
LEADER 00568nta a2200157 i 4500
001 dipl25137
005 20130314083210.0
008 110902s1999 hu om 0|| zxx d
040 |a SZTE Diploma Repozitórium  |b hun 
041 |a zxx 
100 1 |a Varga Gábor 
245 1 3 |a Az emberi méltóság joga az alkotmánybíróság gyakorlatában  |h [elektronikus dokumentum] /  |c Gábor Varga 
260 |c 1999 
650 4 |a Jogi és igazgatási tanulmányok 
700 1 |a Kiss Barnabás  |e ths 
856 4 0 |u http://diploma.bibl.u-szeged.hu/id/eprint/25137/1/1999_varga_gabor.pdf  |z Dokumentum-elérés